Tallest Buildings by Country - Statistics

General Stats
  • This quiz has been taken 346 times
  • The average score is 19 of 24
Answer Stats
Building Name Height Answer % Correct
Shanghai Tower 632m China
100%
One World Trade Centre 541.3m United States of America
100%
Burj Khalifa 828m United Arab Emirates
97%
First Canadian Place 298m Canada
93%
Taipei 101 509m Taiwan
93%
Makkah Royal Clock Tower Hotel 601m Saudi Arabia
92%
The Shard 306m United Kingdom
91%
Petronas Towers 452m Malaysia
90%
Sapphire of Istanbul 261m Turkey
89%
Keangnam Hanoi Landmark Tower 345m Vietnam
85%
Bahrain Financial Harbour 1 & 2 260m Bahrain
82%
Commerzbank Tower 259m Germany
82%
Abeno Harukas 300m Japan
82%
Mercury City Tower 339m Russia
82%
Ryugyong Hotel 330m North Korea
81%
Northeast Asia Trade Tower 305m South Korea
80%
Gran Torre Santiago 300m Chile
77%
Q1 323m Australia
76%
Al Hamra Tower 413m Kuwait
73%
Aspire Tower 300m Qatar
73%
Baiyoke Tower II 304m Thailand
68%
OUB Centre/UOB Plaza One/Republic Plaza 280m Singapore
56%
Trump Ocean Club International Hotel and Tower 293m Panama
41%
PBCOM Tower 259m Philippines
33%
No matching quizzes found
Score Distribution
Percent of People with Each Score
Percentile by Number Answered
Your Score History
You have not taken this quiz